000 00691nam a2200241Ia 4500
003 OSt
005 20220930195635.0
006 a|||||r|||| 00| 0
007 ta
008 220926b |||||||| |||| 00| 0 hin d
024 _a16240
037 _cDissertations
040 _aCRL
_cCRL
_bhin
041 _2hin
_ahin
100 _aSahu Puni Ram
_9564314
110 _aUniversity of Delhi. Faculty of Arts. Department of Sanskrit
245 0 _aMahabharat mein Nalopakayan ka sahitiyik adhyayan
260 _c1990
650 _aSANSKRIT
700 _aUniversity of Delhi. Faculty of Arts. Department of Sanskrit
942 _cDIS
_2CC
999 _c899435
_d899435